| 000 | 00323nam a2200109Ia 4500 | ||
|---|---|---|---|
| 008 | 220204s9999 xx 000 0 und d | ||
| 020 | _a9780691153193 | ||
| 100 | _aFrank, Robert H | ||
| 245 | 4 | _aThe darwin economy: Liberty, competition and common good | |
| 260 |
_aNew Jersey _bPrinceton University Press _c2011 |
||
| 942 | _cBK | ||
| 999 |
_c43193 _d43193 |
||